| 000 | 00584 a2200157 4500 | ||
|---|---|---|---|
| 082 | _aBICSE-6 | ||
| 100 |
_aKinza Nayab _993103 |
||
| 245 | _aDesign and implementation of a Broadband Directional Coupler for WIMAX Applications | ||
| 260 |
_aIslamabad _bNUST School of Electrical Engineering and Computer Science _c2012 |
||
| 300 |
_a43p. _b:ill. _c:27cm.+ _eCD-ROM |
||
| 500 | _aSupervisors: Mr. Ahsan Azhar, Mr. Abid Mushtaq | ||
| 563 | _aHB | ||
| 700 |
_aKinza Nayab, Sara Ali _993104 |
||
| 856 | _uhttp://10.250.8.41:8080/xmlui/handle/123456789/10382 | ||
| 942 |
_cPR _kBICSE-6 KIN _2ddc |
||
| 999 |
_c11288 _d11288 |
||